000
00202 a2200097 4500
001
47340
100
_a
Terraine J
245
_a
Douglas Haig
260
_a
London
_b
Hutchinson
_c
090
_c
30377
_d
30377
942
_a
NUST-CAE
_c
M
_c
22644
999
_c
282413
_d
282413